000 00669nam a22002177a 4500
003 BD-DhJNU
005 20241209070202.0
008 241204b |||||||| |||| 00| 0 eng d
020 _a984300000965
040 _aBD-DhJNU
_beng
_cBD-DhJNU
_dBD-DhJNU
082 _223
_a954.92
245 _aState and culture :
_bcultural survey of Bangladesh /
_cEdited by Emajuddin Ahamed and Harun-or-Rashid
260 _aDhaka :
_bAsiatic Society of Bangladesh,
_c2007.
300 _axv, 634 p. :
_c25 cm.
490 _a3
504 _aincludes index
650 _aCultural History
700 _aAhamed, Emajuddin
_eEditor
700 _aRashid, Harun-or
_eEditor
942 _2ddc
_cBK
_n0
999 _c965
_d965